000 01077nam a2200265 i 4500
003 DO-SdBNP
005 20250319152229.0
007 ta
008 250319s2014 dr 000 0 spa d
040 _aDO-SdBNP
_bspa
_cBNPHU
_erda
082 _axxx
_bC748r
_222
111 1 _aConferencia del Episcopado Dominicano
_957026
245 1 0 _aJóvene sy adolescentes en la iglesia :
_biniciación cristiana para jóvenes y adolescentes /
264 _aSanto Domingo :
_bCONACA,
_c2014.
300 _a264 páginas
_c22 cm.
336 _atexto
_btxt
_2rdacontent
337 _asin mediación
_bn
_2rdamedia
338 _avolumen
_bnc
_2rdacarrier
500 _aPara jóvenes que ingresan a la pastoral juvenil.
500 _aPara jóvenes y adolescentes que no han tenido la oportunidad de hacer el proceso de iniciación cristiana aprobado por la conferencia del episcopado dominicano a desarrollarse en cuatro años durante la niñez.
590 _aInventariado, 2025/ YL
710 _aComisión Nacional de Catequesis (CONACA)
_987260
910 _aYLockward
942 _2ddc
_cLBS1
999 _c58489
_d58489